000 00517nam a2200193 a 4500
001 21923
005 20180713215742.0
008 140415s1979 sp 000 0 spa d
041 _aspa
082 _a372
_bCOU
100 1 _aCOURBIS, GASTON
245 1 3 _aEL ARTE DE EDUCAR A LOS NIÑOS DE HOY
250 _a10a ed.
260 _aESPAÑA :
_bSOCIEDAD DE EDUCACION ATENAS,
_c1979
300 _a191
490 _aTEMAS VIVOS
_v13
650 1 4 _aEDUCACION DE NIOS
700 1 _aSANTOS, SOCORRO
_etr.
999 _c21923
_d21923